| 000 | 00675nam a2200241 a 4500 | ||
|---|---|---|---|
| 999 |
_c8842 _d8842 |
||
| 001 | 8842 | ||
| 003 | BD-JhCC | ||
| 005 | 20180304183235.0 | ||
| 008 | 180304s1969 enka 000 0 eng d | ||
| 020 | _a0435648411 (lp) | ||
| 035 | _a(BD-JhCC)8842 | ||
| 040 |
_aBD-JhCC _cUKM _dBD-JhCC |
||
| 041 | _aeng | ||
| 050 | 1 | 4 | _aQD42 |
| 082 | 0 | 4 |
_a540.76 _218 _bSTE 1969 |
| 100 | 1 |
_aStebbens, D. M. _q(Derek M.) |
|
| 245 | 1 | 0 |
_aChemistry by inquiry / _cby Derek Stebbens. |
| 260 |
_aLondon : _bHeinemann Educational, _c1969. |
||
| 300 |
_a[1], ix, 109 p. : _bill. (some col) ; _c20 x 22 cm. |
||
| 650 | 0 |
_aChemistry _vProblems, exercises, etc. |
|
| 942 |
_2ddc _cBK |
||